000 00484nam a22001697a 4500
003 NUST - PNEC
005 20170116180905.0
008 150902b xxu||||| |||| 00| 0 eng d
020 _a0878915478
040 _cLIBRARY
082 _a532.05 RES
100 _96573
_a Education And Association,Research
245 _aThe Fluid mechanics and dynamics problem solver
_cResearch and Education Association
260 _cc 1983
650 _96574
_aFluid dynamics
_xME
942 _2ddc
_cBK
999 _c65063
_d65063